| 000 | 01160nam a22003257a 4500 | ||
|---|---|---|---|
| 003 | CHAP | ||
| 005 | 20220329141808.0 | ||
| 008 | 971013s1975 r 00010 d | ||
| 010 | _a73950 | ||
| 011 | _a74922 | ||
| 035 | _a84481 | ||
| 040 | _cCHAP | ||
| 090 | _aTesis | ||
| 100 | 0 | 0 |
_aGarza Elizondo, Eduardo. _947038 |
| 245 | _aEvaluación de cuatro insecticidas y dos métodos de siembra, sobre el rendimiento y el control de plagas en el cultivo del melón (Cucumis annus L.) var. PMR-45 en Apodaca, N.L. | ||
| 260 |
_aMonterry, N.L. : _bEl autor, _c1975 |
||
| 300 |
_a71 h. _b: gráfs. |
||
| 502 | _aTesis (Ing.Agrónomo Fitotecnista) -- ITESM. Div. de Ciencias Agropecuarias y Marítimas | ||
| 590 |
_aALEPH _b10 _c20130110 _lUCH01 _h1417 |
||
| 590 |
_aBATCH-UPD _b10 _c20130110 _lUCH01 _h0708 |
||
| 590 |
_aBATCH-UPD _b10 _c20130410 _lUCH01 _h0354 |
||
| 590 |
_aBATCH-UPD _b10 _c20130914 _lUCH01 _h1532 |
||
| 590 |
_aCONVERSION _b10 _c20130109 _lUCH01 _h1340 |
||
| 650 | 1 | 4 |
_aInsecticidas _xPruebas. _958878 |
| 650 | 1 | 4 |
_aMelón. _974434 |
| 650 | 1 | 4 |
_aMelón _xPlagas. _974475 |
| 901 | _aBK | ||
| 942 | _cTESIS | ||
| 949 |
_bBC _cTES _d-39841 _eTS1 _i84481 _si |
||
| 999 |
_c73950 _d73950 |
||